Communication skills for Engineers (Record no. 203)
[ view plain ]
| 000 -LEADER | |
|---|---|
| Fixed length control field | 00477nam a2200181 4500 |
| 003 - CONTROL NUMBER IDENTIFIER | |
| Control field | SEACOMEC |
| 005 - DATE AND TIME OF LATEST TRANSACTION | |
| Control field | 20240417131646.0 |
| 008 - FIXED-LENGTH DATA ELEMENTS--GENERAL INFORMATION | |
| Fixed length control field | 231007b |||||||| |||| 00| 0 eng d |
| 020 ## - INTERNATIONAL STANDARD BOOK NUMBER / ISBN | |
| Price | Rs. 175.00 |
| 040 ## - CATALOGING SOURCE | |
| Original cataloging agency | SEACOMEC |
| 082 ## - DEWEY DECIMAL CLASSIFICATION NUMBER | |
| Classification number | 620.0014 |
| Book Number | M678 |
| 100 1# - MAIN ENTRY--PERSONAL NAME | |
| Personal name | Mishra, Sunita |
| 245 1# - TITLE STATEMENT | |
| Title | Communication skills for Engineers |
| Statement of responsibility | Sunita Mishra and C. Muralikrishna |
| 260 ## - IMPRINT | |
| Place of publication | Delhi |
| Name of publisher | Pearson |
| Date of publication | 2006 |
| 650 ## - SUBJECT ADDED ENTRY--TOPICAL TERM | |
| Topical term | Engineering |
| 700 1# - ADDED ENTRY--PERSONAL NAME | |
| Personal name | Muralikrishna, C. |
| 942 ## - ADDED ENTRY ELEMENTS (KOHA) | |
| Koha item type | Books |
| Withdrawn status | Lost status | Source of classification | Damaged status | Not for loan | Home library | Current library | Date acquired | Total Checkouts | Call number | Accession number | Date last seen | Price effective from | Koha item type |
|---|---|---|---|---|---|---|---|---|---|---|---|---|---|
| Dewey Decimal Classification | SEACOM ENGINEERING COLLEGE | SEACOM ENGINEERING COLLEGE | 04/08/2006 | 620.0014 M678 | 5172 | 17/04/2024 | 17/04/2024 | Books |
